| 000 | 01062cam a2200289 a 4500 | ||
|---|---|---|---|
| 001 | 1243 | ||
| 005 | 20231211141029.0 | ||
| 020 | _a9780439846769 | ||
| 020 | _a0439846765 | ||
| 040 |
_aDLC _cDLC _dDLC _beng |
||
| 050 | 0 | 0 |
_aPZ7.N5897 _bEml 2007 |
| 082 | 0 | 0 |
_a[Fic] _222 |
| 100 | 1 | _aNimmo, Jenny | |
| 245 | 1 | 0 |
_aEmlyn's moon / _cJenny Nimmo. |
| 260 |
_aNew York : _bScholastic, _c2008. |
||
| 300 |
_a152 pages : _c20 cm. |
||
| 490 | 1 |
_aThe magician trilogy ; _vBook 2 |
|
| 500 | _aFirst published: Great Britain : Egmont Books, 1986. 1st American edition published under the title, Orchard of the crescent moon: New York : Dutton, 1989. | ||
| 500 | _aSequel to: The snow spider. | ||
| 505 | _aR | ||
| 520 | _aNia, the middle girl in a large Welsh family, discovers her own special artistic talent as she uncovers the dark secret shared by the Llewelyn and Griffiths families. | ||
| 521 |
_a750
_bLexile |
||
| 521 |
_aR
_bRaz-Plus |
||
| 650 | 1 |
_aMagic _vFiction. |
|
| 906 |
_a7 _bcbc _corignew _d1 _eecip _f20 _gy-gencatlg |
||
| 942 |
_2ddc _cBK _n0 |
||
| 999 |
_c1243 _d1243 |
||